000 00581nam a2200229Ia 4500
003 OSt
005 20220924143607.0
006 a|||||r|||| 00| 0
007 ta
008 220923b |||||||| |||| 00| 0 urd d
024 _a309120
037 _cTextual
040 _aARTS
_cARTS
_burd
041 _2urd
_aurd
082 _aO153,1NSIx, 168L8
100 _aSiddiqui Majid
245 0 _aMain kinne pani wich aan
260 _c1978
650 _aPUNJABI LITERATURE
942 _hO153,1NSIx, 168L8
_cTEXL
_2CC
999 _c455121
_d455121